000 00497nam a2200181Ia 4500
999 _c10110
_d10110
003 OSt
005 20191219151326.0
008 190216s9999||||xx |||||||||||||| ||und||
020 _a8185431744
040 _coclc
082 _a361
_bDEV/S
100 _aDevi, Shakuntala
_9588
245 0 _aSocial Planning In India /
_cShakuntala Devi
260 _bSarup & Sons,
_c1996.
_aNew Delhi:
300 _a227p
650 _aEconomics
942 _cBK
_2ddc
_h361
_iDEV/S
_k361
_mDEV/S